| 000 | 00778nam a2200229 a 4500 | ||
|---|---|---|---|
| 001 | 000012951 | ||
| 005 | 20240412074236.0 | ||
| 008 | 091118s1980 dr 000 0 spa d | ||
| 040 |
_aDO-SdBNP _bspa _cBNPHU |
||
| 082 |
_aRD863.44 _bR696su |
||
| 100 | 1 |
_aRodríguez Fernández, Arturo, _d1948-2010. _929852 |
|
| 245 | 1 | 0 |
_aSubir como una marea / _cArturo Rodríguez Fernández. |
| 260 |
_aSanto Domingo : _bTaller, _c1980. |
||
| 300 |
_a190 p. ; _c20 cm. |
||
| 490 | 1 |
_aBiblioteca taller _v116 |
|
| 500 | _aIncluye datos biográficos del autor en la contracubierta | ||
| 590 | _aInventariado, 2020 /MAA | ||
| 650 | 0 |
_aCuentos dominicanos _9176 |
|
| 650 | 0 |
_aLiteratura dominicana. _967 |
|
| 830 | 0 |
_aBiblioteca taller _n116 _929853 |
|
| 910 | _aValidado. Control de calidad MFF | ||
| 999 |
_c12599 _d12599 |
||